Eindhoven Airport Destinations (Eindhoven, Netherlands) - Statistics

General Stats
  • This quiz has been taken 140 times
    24 since last reset
  • The average score is 31 of 58
Answer Stats
Airline Destination % Correct
Pegasus Airlines Istanbul (Sabiha Gökçen)
85%
Ryanair Madrid
85%
Ryanair Barcelona
80%
Ryanair Lisbon
80%
Ryanair/Wizz Air Rome (Fiumicino)
80%
Wizz Air Budapest
75%
Ryanair Porto
75%
Ryanair Valencia
75%
Ryanair Vienna
75%
Wizz Air Bucharest (Otopeni)
70%
Ryanair/Wizz Air Sofia
70%
TUI fly Netherlands Antalya
65%
Ryanair Faro
65%
SunExpress Izmir
65%
Ryanair Málaga
65%
Wizz Air Warsaw (Chopin)
65%
Ryanair Warsaw (Modlin)
65%
Wizz Air Belgrade
60%
Ryanair Bergamo
60%
Ryanair/Wizz Air Kraków
60%
Ryanair Palma de Mallorca
60%
Transavia Prague
60%
Ryanair Seville
60%
Wizz Air Skopje
60%
Ryanair/Wizz Air Tirana
60%
Ryanair Bratislava
55%
Wizz Air Cluj-Napoca
55%
TUI fly Netherlands Gran Canaria
55%
Transavia/TUI fly Netherlands Kos
55%
Ryanair Marseille
55%
Transavia Oslo
55%
Transavia/TUI fly Netherlands Rhodes
55%
TUI fly Netherlands Heraklion
50%
Wizz Air Iași
50%
Ryanair Marrakesh
50%
Ryanair Pisa
50%
TUI fly Netherlands Sal
50%
Transavia/TUI fly Netherlands Tenerife (South)
50%
Wizz Air Varna
50%
Ryanair Zagreb
50%
Ryanair Brindisi
45%
Wizz Air Gdańsk
45%
Transavia Innsbruck
45%
Ryanair Manchester
45%
Ryanair/Wizz Air Vilnius
45%
Wizz Air Wrocław
45%
Transavia Bordeaux
35%
Ryanair Catania
35%
Ryanair Fès
35%
TUI fly Netherlands Hurghada
35%
Wizz Air Katowice
35%
TUI fly Netherlands Sharm El Sheikh
35%
Ryanair Treviso
35%
Ryanair Bologna
30%
Transavia Salzburg
30%
Wizz Air Debrecen
15%
TUI fly Belgium Oujda
15%
TUI fly Belgium Nador
10%
No matching quizzes found
Score Distribution
Percent of People with Each Score
Percentile by Number Answered
Your Score History
You have not taken this quiz since the last reset